000 00443nam a2200181Ia 4500
008 090124s9999 xx 000 0 und d
082 _b33861
100 _aASHRAMA ADVAITA
245 _aLIFE OF SRI RAMAKISHNA
250 _a1
260 _bADVAITA ASHRAMA
_c1977
300 _a472
600 _aASHRAMA ADVAITA
630 _aLIFE OF SRI RAMAKISHNA
700 _aASHRAMA ADVAITA
730 _aLIFE OF SRI RAMAKISHNA
942 _cBOOK
999 _c99740
_d99740